Загадки "Эксетерского кодекса"; Коммуникативные аспекты языка и культуры; Ч. 3

書誌詳細
Parent link:Коммуникативные аспекты языка и культуры: сборник материалов XIII Международной научно-практической конференции студентов и молодых ученых, г. Томск, 28-30 мая 2013 г./ Национальный исследовательский Томский политехнический университет (ТПУ), Институт международного образования и языковой коммуникации (ИМОЯК) ; под ред. С. А. Песоцкой.— , 2013
Ч. 3.— 2013.— [С. 68-71]
第一著者: Бейм К. О.
団体著者: Национальный исследовательский Томский политехнический университет (ТПУ) Институт кибернетики (ИК) Кафедра иностранных языков института кибернетики (ИЯИК)
その他の著者: Аксёнова Н. В. Наталия Валерьевна (научный руководитель)
要約:Заглавие с титульного экрана
言語:ロシア語
出版事項: 2013
シリーズ:Язык и культура: прошлое, настоящее, будущее
主題:
オンライン・アクセス:http://www.lib.tpu.ru/fulltext/c/2013/C77/V3/028.pdf
フォーマット: 電子媒体 図書の章
KOHA link:https://koha.lib.tpu.ru/cgi-bin/koha/opac-detail.pl?biblionumber=607637

MARC

LEADER 00000naa2a2200000 4500
001 607637
005 20260311160109.0
035 |a (RuTPU)RU\TPU\conf\5043 
035 |a RU\TPU\conf\5042 
090 |a 607637 
100 |a 20140808d2013 k y0rusy50 ca 
101 0 |a rus 
102 |a RU 
135 |a drcn ---uucaa 
181 0 |a i  
182 0 |a b 
200 1 |a Загадки "Эксетерского кодекса"  |f К. О. Бейм  |g науч. рук. Н. В. Аксёнова 
203 |a Текст  |c электронный 
225 1 |a Язык и культура: прошлое, настоящее, будущее 
300 |a Заглавие с титульного экрана 
320 |a [Библиогр.: с. 70-71 (7 назв.)] 
337 |a Adobe Reader 
461 1 |0 (RuTPU)RU\TPU\conf\4568  |t Коммуникативные аспекты языка и культуры  |o сборник материалов XIII Международной научно-практической конференции студентов и молодых ученых, г. Томск, 28-30 мая 2013 г.  |o в 3 ч.  |f Национальный исследовательский Томский политехнический университет (ТПУ), Институт международного образования и языковой коммуникации (ИМОЯК) ; под ред. С. А. Песоцкой  |d 2013 
463 0 |0 (RuTPU)RU\TPU\conf\4573  |t Ч. 3  |v [С. 68-71]  |d 2013 
610 1 |a труды учёных ТПУ 
610 1 |a электронный ресурс 
610 1 |a загадки 
610 1 |a Эксетерский кодекс 
610 1 |a жанры 
610 1 |a древнеанглийский язык 
610 1 |a фольклор 
700 1 |a Бейм  |b К. О. 
702 1 |a Аксёнова  |b Н. В.  |c лингвист  |c старший преподаватель Томского политехнического университета  |f 1979-  |g Наталия Валерьевна  |4 727 
712 0 2 |a Национальный исследовательский Томский политехнический университет (ТПУ)  |b Институт кибернетики (ИК)  |b Кафедра иностранных языков института кибернетики (ИЯИК)  |3 (RuTPU)RU\TPU\col\18707 
801 2 |a RU  |b 63413507  |c 20140808  |g RCR 
856 4 |u http://www.lib.tpu.ru/fulltext/c/2013/C77/V3/028.pdf 
942 |c BK